000 00671nam a2200253Ia 4500
008 160803s9999 xx 000 0 und d
020 _a0590441698 
100 _aCarlson, Natalie Savage
245 4 _aThe family under the bridge /
245 _cby Natalie Savage Carlson ; illustrated by Garth Williams.
260 _aNew York :
260 _bScholastic Inc.
260 _c2003
300 _a97 pages :
300 _billustrations ;
300 _c21 cm
650 _aFrance -- Paris.
650 _aParis (France) --
650 _aTramps --
650 _aTramps.
650 _xJuvenile fiction.
650 _xJuvenile fiction.
700 _a680
999 _c298516
_d298516